00799cam a2200241 a 450000100100000000500170001000800410002703500190006804000310008708200190011810000460013724500480018326000320023130000200026349000120028365000290029565000310032483000190035591000340037404900090040895201230041799900170054000001745520200929165123.0840427s1972 sp 000 p spa d a(DLC) 73312137 aDO-SdBNPbspacCarPdBNPHU aA861.42bR424e1 aRenzis, Enrique Ángel de,d1925-93816714aUna sola vida /cEnrique Ángel de Renzis. aMadrid :bAlfaguara,c1972. a64 p. ;c22 cm.1 aÁgora 4aPoesía argentina93859 4aLiteratura argentina93860 0aÁgora938168 aCatalogación por copia / LC aBNGR 001054708MOaGRbGRcCTd2010-03-24iLF1l0oA861.42 R424ep17455-10r2020-06-25w2020-06-25y4ZPréstamo en sala c16980d16980